| 000 | 00380nam a2200169Ia 4500 | ||
|---|---|---|---|
| 008 | 171120s9999 xx 000 0 und d | ||
| 050 | _a890 | ||
| 050 | _bU897 [2011] | ||
| 245 | _aUtak berde / | ||
| 260 | _aPhilippines : | ||
| 260 | _bLavoxa Group, | ||
| 260 | _c[2011] | ||
| 300 | _a172 pages : | ||
| 300 | _billustrations ; | ||
| 300 | _c14cm. | ||
| 650 | _aLiterature. | ||
| 999 |
_c345373 _d345373 |
||